00512nam a2200157Ia 4500008004100000082001900041100001800060245002200078260002900100300000800129630002200137730002200159942000900181999001900190952014500209100122s9999 xx 000 0 und d b20306a371.805 aMILLER CARL G aMODERN JOURNALISM bHENRY HOLT AND CO.c1955 a364 aMODERN JOURNALISM aMODERN JOURNALISM cBOOK c366318d366315 00104070aSVPPARLEbSVPPARLEd1974-07-01g50.00l0o20306pSVPPARLE-20306r2010-01-25 00:00:00v50.00w2010-01-25yBOOKz", , General, NA"